[Event "4NCL 3 South pool D"]
[Site "Daventry, ENG"]
[Date "2019.05.05"]
[Round "10.62"]
[White "Tippleston, Charles E"]
[Black "Byway, Paul V"]
[Result "1-0"]
[WhiteElo "2086"]
[BlackElo "2038"]
[PlyCount "71"]
[EventDate "2019.05.05"]
[WhiteTeam "MK Phoenix 1"]
[BlackTeam "Poisoned Pawns 1"]

1. e4 c5 2. Nf3 e6 3. c3 d5 4. exd5 Qxd5 5. d4 Nf6 6. Be2 Nc6 7. O-O cxd4 8.
cxd4 Be7 9. Nc3 Qd6 10. Nb5 Qb8 11. g3 Nd5 12. Bc4 a6 13. Bxd5 axb5 14. Bb3 O-O
15. Qd3 Rd8 16. Qe4 Qd6 17. Bf4 Qb4 18. Bd2 Qd6 19. Bf4 Qb4 $11 20. Bd2 Qd6 21.
Be3 Bf6 22. Rfd1 Nb4 23. Bf4 Qc6 24. Qe2 Nd5 25. Be5 Bd7 26. Rac1 Qa6 27. Bxf6
Nxf6 28. Ne5 Bc6 29. Nxf7 Bd5 30. Nxd8 Rxd8 31. Bxd5 exd5 32. Rc7 Re8 33. Re7
Rxe7 34. Qxe7 Qxa2 35. Qe6+ Kf8 36. Qc8+ 1-0

[Event "4NCL 3 South pool D"]
[Site "Daventry, ENG"]
[Date "2019.05.05"]
[Round "10.63"]
[White "Rosen, Daniel B"]
[Black "Brown, Alan M"]
[Result "1/2-1/2"]
[WhiteElo "2057"]
[BlackElo "2040"]
[PlyCount "124"]
[EventDate "2019.05.05"]
[WhiteTeam "Poisoned Pawns 1"]
[BlackTeam "MK Phoenix 1"]

1. e4 e5 2. Nf3 Nc6 3. Bb5 a6 4. Ba4 Nf6 5. O-O Be7 6. d3 b5 7. Bb3 d6 8. c3
Na5 9. Bc2 c5 10. Qe2 O-O 11. Rd1 Qc7 12. Nbd2 Nc6 13. Nf1 d5 14. Bg5 Be6 15.
Bb3 dxe4 16. dxe4 c4 17. Bc2 Nh5 18. g3 h6 19. Bxe7 Nxe7 20. Ne3 Nf6 21. Rd2
Rfd8 22. Rad1 Kf8 23. Rxd8+ Rxd8 24. Rxd8+ Qxd8 25. Nxe5 Qc7 26. f4 Bc8 27. Qd2
Bb7 28. Qd4 Ke8 29. N5g4 Nxg4 30. Nxg4 f6 31. Nf2 Qc6 32. Kf1 Qc7 33. Bd1 Nc8
34. Bf3 Ne7 35. Bh5+ Kf8 36. Ng4 Nc6 37. Qc5+ Qe7 38. Qxe7+ Kxe7 39. Ke2 Nd8
40. e5 fxe5 41. Nxe5 Ne6 42. Ke3 Nc5 43. Bd1 Kf6 44. Bc2 Ke7 45. h4 Kf6 46.
Ng4+ Ke7 47. Nf2 Kd6 48. g4 Bc8 49. g5 hxg5 50. hxg5 Bb7 51. f5 Bg2 52. Kd4 Nd7
53. Be4 Bf1 54. Ng4 Be2 55. Ne3 Nc5 56. Bd5 Bd3 57. b3 cxb3 58. axb3 Bb1 59. b4
Nd7 60. c4 bxc4 61. Nxc4+ Kc7 62. Ne5 Bxf5 1/2-1/2

[Event "4NCL 3 South pool D"]
[Site "Daventry, ENG"]
[Date "2019.05.05"]
[Round "10.64"]
[White "Smith, Graham"]
[Black "Kemp, Paul R"]
[Result "1-0"]
[WhiteElo "2021"]
[BlackElo "2041"]
[PlyCount "91"]
[EventDate "2019.05.05"]
[WhiteTeam "MK Phoenix 1"]
[BlackTeam "Poisoned Pawns 1"]

1. b3 e5 2. Bb2 Nc6 3. e3 Nf6 4. c4 d5 5. cxd5 Qxd5 6. Nc3 Qa5 7. a3 a6 8. b4
Qb6 9. Nf3 Bd6 10. Qc2 O-O 11. Ng5 Ne7 12. Bd3 h6 13. h4 Ned5 14. Bh7+ Kh8 15.
Nxd5 Nxd5 16. Bg8 Nf6 17. Bxf7 Bd7 18. Bb3 Be8 19. Ne6 Rf7 20. Nc5 Rf8 21. d4
Ng4 22. O-O Bb5 23. Bc4 Bxc5 24. bxc5 Qf6 25. g3 Qf3 26. Bxb5 axb5 27. dxe5
Rad8 28. Bd4 Rd5 29. e6 Rdf5 30. e4 Rh5 31. Qb2 Nf6 32. Be5 Nxe4 33. Bxg7+ Kh7
34. Bxf8 Nc3 35. Qc2+ Kg8 36. Qg6+ Kxf8 37. Qf7+ Qxf7 38. exf7 Rxc5 39. Kg2
Kxf7 40. Rfe1 b6 41. Re3 Nd5 42. Re5 Kf6 43. Rae1 b4 44. axb4 Nxb4 45. Rxc5
bxc5 46. Rc1 1-0

[Event "4NCL 3 South pool D"]
[Site "Daventry, ENG"]
[Date "2019.05.05"]
[Round "10.65"]
[White "McCorry, Robert T"]
[Black "Habershon, Paul F"]
[Result "1-0"]
[WhiteElo "2007"]
[BlackElo "2015"]
[PlyCount "45"]
[EventDate "2019.05.05"]
[WhiteTeam "Poisoned Pawns 1"]
[BlackTeam "MK Phoenix 1"]

1. e4 e6 2. d4 d5 3. Nc3 Bb4 4. e5 Qd7 5. a3 Bxc3+ 6. bxc3 b6 7. Qg4 f5 8. Qg3
Ba6 9. Bxa6 Nxa6 10. Ne2 Nb8 11. Nf4 Kf7 12. Nh5 g6 13. Nf4 Nc6 14. h4 Rf8 15.
h5 Nge7 16. Qg5 Ke8 17. hxg6 hxg6 18. Rxh8 Rxh8 19. Qf6 Rh1+ 20. Ke2 Nd8 21.
Nxg6 Qb5+ 22. Kf3 Nxg6 23. Bg5 1-0

[Event "4NCL 3 South pool D"]
[Site "Daventry, ENG"]
[Date "2019.05.05"]
[Round "10.66"]
[White "Freeman, Richard C P"]
[Black "Dharmasena, Gavith"]
[Result "1/2-1/2"]
[WhiteElo "1999"]
[BlackElo "1855"]
[PlyCount "63"]
[EventDate "2019.05.05"]
[WhiteTeam "MK Phoenix 1"]
[BlackTeam "Poisoned Pawns 1"]

1. d4 d5 2. Bf4 Nf6 3. e3 c5 4. c3 Nc6 5. Nf3 Qb6 6. Qb3 c4 7. Qc2 Bf5 8. Qc1
e6 9. Nbd2 Rc8 10. Nh4 Bg4 11. h3 Bh5 12. g4 Bg6 13. Nxg6 hxg6 14. Bg2 Be7 15.
O-O g5 16. Bxg5 Nh7 17. Bf4 Ng5 18. Bxg5 Bxg5 19. f4 Bf6 20. Nf3 Rd8 21. Qc2
Be7 22. e4 dxe4 23. Qxe4 Qxb2 24. Qe3 Qb6 25. Rab1 Qc7 26. Ne5 O-O 27. Nxc4
Nxd4 28. Rxb7 Qxc4 29. cxd4 Bf6 30. Qb3 Bxd4+ 31. Kh1 Qxb3 32. Rxb3 1/2-1/2

[Event "4NCL 3 South pool D"]
[Site "Daventry, ENG"]
[Date "2019.05.05"]
[Round "10.71"]
[White "Salmons, Calum"]
[Black "Atako, Chino C"]
[Result "0-1"]
[WhiteElo "2117"]
[BlackElo "2063"]
[PlyCount "68"]
[EventDate "2019.05.05"]
[WhiteTeam "Sussex Martlets 2"]
[BlackTeam "Cambridge University 2"]

1. e4 e6 2. Nf3 d5 3. e5 Bd7 4. a3 a5 5. d4 c5 6. c3 Qb6 7. Bd3 Nc6 8. Bc2 Nh6
9. O-O Be7 10. Ra2 cxd4 11. cxd4 Nf5 12. Bxf5 exf5 13. Nc3 Be6 14. Qd3 O-O 15.
Rd1 h6 16. Ne1 Rfd8 17. Nc2 Qb3 18. Ne3 Nxe5 19. dxe5 d4 20. Ned5 Bxd5 21. Nxd5
Qxd5 22. b3 a4 23. Rad2 axb3 24. Qxf5 Bxa3 25. Bxa3 Rxa3 26. h3 Ra4 27. Rb1 Ra2
28. Qd3 Rxd2 29. Qxd2 Rc8 30. Qd1 Rc3 31. f4 Qe4 32. Kh1 Rc2 33. Qf1 Rxg2 34.
Re1 Re2+ 0-1

[Event "4NCL 3 South pool D"]
[Site "Daventry, ENG"]
[Date "2019.05.05"]
[Round "10.72"]
[White "Webster, Peter A N"]
[Black "Forster, Matthew"]
[Result "1/2-1/2"]
[WhiteElo "1887"]
[BlackElo "1997"]
[PlyCount "48"]
[EventDate "2019.05.05"]
[WhiteTeam "Cambridge University 2"]
[BlackTeam "Sussex Martlets 2"]

1. e4 c5 2. c3 d5 3. exd5 Qxd5 4. d4 g6 5. Nf3 Bg7 6. Be3 cxd4 7. cxd4 Nf6 8.
Nc3 Qa5 9. Bc4 O-O 10. O-O Bg4 11. h3 Bxf3 12. Qxf3 Nc6 13. Rfd1 Rac8 14. Qe2
e6 15. d5 Nxd5 16. Nxd5 exd5 17. Rxd5 Qc7 18. Bb3 Rfe8 19. Rad1 Re7 20. Qd2
Rce8 21. Rd7 Qe5 22. Bg5 Bf6 23. Bxf6 Qxf6 24. Rxe7 Rxe7 1/2-1/2

[Event "4NCL 3 South pool D"]
[Site "Daventry, ENG"]
[Date "2019.05.05"]
[Round "10.73"]
[White "Batchelor, Paul A"]
[Black "Campbell, Mark C"]
[Result "1/2-1/2"]
[WhiteElo "2035"]
[BlackElo "1892"]
[PlyCount "133"]
[EventDate "2019.05.05"]
[WhiteTeam "Sussex Martlets 2"]
[BlackTeam "Cambridge University 2"]

1. d4 Nf6 2. c4 e6 3. Nc3 Bb4 4. f3 c5 5. d5 d6 6. e4 Bxc3+ 7. bxc3 e5 8. Bd3
O-O 9. Ne2 Qe7 10. Bg5 Nbd7 11. g4 Re8 12. Ng3 Qf8 13. h4 Kh8 14. Qd2 Ng8 15.
Be3 f6 16. Qc2 Ne7 17. h5 h6 18. O-O-O Nb6 19. Rdg1 Ng8 20. Qd2 Re7 21. Kd1 Rf7
22. Ke1 Bd7 23. Ne2 Be8 24. Rg2 Nd7 25. Ng3 Ne7 26. Kf1 Rc8 27. Kf2 Rc7 28.
Rgg1 Rc8 29. Rb1 b6 30. Bc2 Rc7 31. Ba4 Nb8 32. Bxe8 Qxe8 33. Qc2 Rc8 34. Rb2
Qd7 35. a4 Qc7 36. Ke2 Nd7 37. Kd3 Rb8 38. Ra1 a5 39. Rg1 Kh7 40. Qd1 Qd8 41.
Rbg2 Qf8 42. Qd2 Rd8 43. Ke2 Rb8 44. Nh1 Qe8 45. Nf2 Nf8 46. Qd1 Ng8 47. Rg3
Qd7 48. Nh3 Re8 49. Qc2 Kh8 50. Kd1 Rfe7 51. Kc1 Rf7 52. Kb2 Rfe7 53. Ka3 Rf7
54. Rb1 Qc7 55. Rgg1 Rb8 56. Rb5 Qa7 57. Nf2 Nd7 58. Nd3 Ra8 59. Rgb1 Qc7 60.
R1b2 Ra6 61. Qb1 Ne7 62. Bg1 Nc8 63. Bh2 Re7 64. Ka2 Nf8 65. Bg1 Qd7 66. Ka3
Qc7 67. Bf2 1/2-1/2

[Event "4NCL 3 South pool D"]
[Site "Daventry, ENG"]
[Date "2019.05.05"]
[Round "10.74"]
[White "Patel, Rishi"]
[Black "Graham, William M"]
[Result "1/2-1/2"]
[WhiteElo "1808"]
[BlackElo "1997"]
[PlyCount "132"]
[EventDate "2019.05.05"]
[WhiteTeam "Cambridge University 2"]
[BlackTeam "Sussex Martlets 2"]

1. e4 e6 2. d4 d5 3. Nd2 Nf6 4. e5 Nfd7 5. c3 c5 6. f4 Nc6 7. Ndf3 Qb6 8. Qb3
cxd4 9. Qxb6 Nxb6 10. Nxd4 Bd7 11. Ngf3 Bc5 12. Be3 O-O 13. Be2 Na5 14. b3 Rac8
15. O-O Ba3 16. Bc1 Be7 17. Bb2 Nc6 18. Rac1 f6 19. Kh1 Rce8 20. Bd3 Bd8 21.
Rce1 Bc7 22. Ba3 Rf7 23. Nb5 Bb8 24. Bd6 a6 25. Bxb8 Rxb8 26. Nd6 Re7 27. Nd4
Nc8 28. Nxc6 Bxc6 29. c4 f5 30. c5 Na7 31. a4 a5 32. Rb1 Rc7 33. Rfc1 Bd7 34.
Bb5 Nc6 35. Bxc6 bxc6 36. Rb2 Kf8 37. Rcb1 Rb4 38. g3 Be8 39. Kg2 Bd7 40. Kf3
Bc8 41. Rd1 Ba6 42. Ke3 Ra7 43. Rd4 Rb8 44. b4 Bf1 45. Kd2 h6 46. Kc3 Ke7 47.
b5 cxb5 48. axb5 a4 49. b6 Ra6 50. Rdb4 Kd7 51. Kd4 Kc6 52. Ra2 a3 53. b7 Ra5
54. Rb6+ Kd7 55. Rb3 Ra4+ 56. Kc3 Ba6 57. Rb6 Kc7 58. Kb3 Bc4+ 59. Kxa4 Bxa2
60. Kxa3 Bc4 61. Kb4 Bf1 62. Nb5+ Bxb5 63. Kxb5 Rxb7 64. Rxb7+ Kxb7 65. c6+ Kc7
66. Kc5 h5 1/2-1/2

[Event "4NCL 3 South pool D"]
[Site "Daventry, ENG"]
[Date "2019.05.05"]
[Round "10.75"]
[White "Michaud, Gerald"]
[Black "Lim, Mark"]
[Result "1/2-1/2"]
[WhiteElo "1848"]
[BlackElo "1811"]
[PlyCount "98"]
[EventDate "2019.05.05"]
[WhiteTeam "Sussex Martlets 2"]
[BlackTeam "Cambridge University 2"]

1. d4 Nf6 2. c4 e6 3. Nc3 d5 4. Bg5 Be7 5. Nf3 c6 6. e3 O-O 7. Qc2 Nbd7 8. a3
Re8 9. Rd1 b6 10. cxd5 cxd5 11. Bd3 Bb7 12. O-O Rc8 13. Qa4 a6 14. Rc1 b5 15.
Qb3 h6 16. Bh4 Qb6 17. Rc2 g5 18. Bg3 Ne4 19. Rfc1 Nxg3 20. hxg3 Qa7 21. a4 b4
22. Ne2 Bd6 23. Rxc8 Rxc8 24. Rxc8+ Bxc8 25. Bb1 Qc7 26. Qd3 Nf6 27. Nd2 a5 28.
e4 dxe4 29. Nxe4 Nxe4 30. Qxe4 f5 31. Qd3 Qc6 32. Bc2 Bb7 33. f3 Ba6 34. Qe3
Kf7 35. Bb3 Bc4 36. Qc1 Bd5 37. Bxd5 Qxc1+ 38. Nxc1 exd5 39. Kf2 Bc7 40. b3 Bb6
41. Ke3 Ke6 42. Ne2 h5 43. f4 g4 44. Nc1 Bd8 45. Nd3 Kd6 46. Ne5 Bf6 47. Kd2 h4
48. gxh4 Bxh4 49. Ke2 Bf6 1/2-1/2

[Event "4NCL 3 South pool D"]
[Site "Daventry, ENG"]
[Date "2019.05.05"]
[Round "10.76"]
[White "Davis, Holden"]
[Black "Finn, Daniel"]
[Result "1-0"]
[WhiteElo "1763"]
[BlackElo "1810"]
[PlyCount "117"]
[EventDate "2019.05.05"]
[WhiteTeam "Cambridge University 2"]
[BlackTeam "Sussex Martlets 2"]

1. e4 e5 2. Nf3 Nc6 3. Bc4 Bc5 4. c3 d6 5. d3 Nf6 6. O-O O-O 7. Bg5 Bg4 8. Nbd2
Re8 9. a4 a6 10. a5 Rb8 11. h3 Be6 12. Bd5 h6 13. Bh4 Bd7 14. Kh1 Qe7 15. Nc4
Nd8 16. Ne3 Be6 17. Bxe6 Qxe6 18. Nf5 Ba7 19. Qd2 Nh7 20. Rae1 Nc6 21. b4 Nf6
22. Nh2 Ne7 23. f4 exf4 24. Nxe7+ Rxe7 25. Qxf4 Ree8 26. Bxf6 Qxf6 27. Qxf6
gxf6 28. Ng4 Kg7 29. Nxf6 Re6 30. Nh5+ Kg8 31. Rf5 Rf8 32. Ref1 Be3 33. Nf6+
Kg7 34. Nd5 Bg5 35. Nxc7 Re7 36. Nd5 Rd7 37. g3 Bd8 38. h4 Bc7 39. Kg2 Bd8 40.
Kh3 Rg8 41. Nf4 Rc7 42. Nd5 Rd7 43. R5f4 Rf8 44. Kg4 Kh8 45. Kh5 Kg7 46. Rg4+
Kh8 47. Nf6 Re7 48. Nd5 Rd7 49. Nf4 Re7 50. Kxh6 Rg8 51. Rxg8+ Kxg8 52. Nd5
Re6+ 53. Kh5 Rg6 54. g4 Kg7 55. g5 Re6 56. Kg4 Re8 57. h5 Rg8 58. h6+ Kg6 59.
Nf4+ 1-0

[Event "4NCL 3 South pool D"]
[Site "Daventry, ENG"]
[Date "2019.05.05"]
[Round "10.81"]
[White "Ortiz Sanchez, Luis"]
[Black "Fegan, Chris"]
[Result "0-1"]
[WhiteElo "1950"]
[BlackElo "2038"]
[PlyCount "66"]
[EventDate "2019.05.05"]
[WhiteTeam "Iceni 2"]
[BlackTeam "CSC 2"]

1. Nc3 Nf6 2. d4 d5 3. Bf4 c6 4. e3 Bg4 5. f3 Bf5 6. g4 Bg6 7. h4 h5 8. g5 Nfd7
9. Bd3 Bxd3 10. Qxd3 g6 11. O-O-O b5 12. e4 b4 13. Nce2 Qa5 14. Kb1 Bg7 15. Nc1
O-O 16. Nge2 Na6 17. exd5 cxd5 18. Rhe1 Rac8 19. Nb3 Qa4 20. Nec1 Rfe8 21. Re2
Nc7 22. Bxc7 Rxc7 23. f4 e6 24. f5 Kh7 25. fxe6 fxe6 26. Rde1 Qc6 27. Rf1 e5
28. dxe5 Nxe5 29. Qd1 Rec8 30. Nd4 Qb6 31. Nf3 Nc4 32. Rff2 Nxb2 33. Qxd5 Na4
0-1

[Event "4NCL 3 South pool D"]
[Site "Daventry, ENG"]
[Date "2019.05.05"]
[Round "10.82"]
[White "Amato, Giampiero"]
[Black "Somton, Anita"]
[Result "1-0"]
[WhiteElo "1994"]
[BlackElo "1982"]
[PlyCount "43"]
[EventDate "2019.05.05"]
[WhiteTeam "CSC 2"]
[BlackTeam "Iceni 2"]

1. d4 d5 2. Bg5 h6 3. Bh4 c6 4. e3 Qb6 5. Qc1 Bf5 6. Nd2 Nd7 7. c4 e6 8. c5 Qa5
9. a3 b6 10. b4 Qa4 11. Ne2 Bd3 12. Nc3 Qc2 13. Qxc2 Bxc2 14. Ba6 bxc5 15. dxc5
Rb8 16. Rc1 Bg6 17. Bg3 e5 18. Nxd5 h5 19. h3 Nh6 20. Nc3 Be7 21. Nc4 f6 22.
Na5 1-0

[Event "4NCL 3 South pool D"]
[Site "Daventry, ENG"]
[Date "2019.05.05"]
[Round "10.83"]
[White "Downham, Alan F"]
[Black "Fowler, David"]
[Result "1/2-1/2"]
[WhiteElo "1967"]
[BlackElo "1969"]
[PlyCount "60"]
[EventDate "2019.05.05"]
[WhiteTeam "Iceni 2"]
[BlackTeam "CSC 2"]

1. c4 e5 2. g3 f5 3. Bg2 Nf6 4. Nc3 Bb4 5. Qc2 Bxc3 6. Qxc3 d6 7. d3 O-O 8. e3
Qe8 9. Qc2 Nc6 10. Bd2 a5 11. Ne2 f4 12. gxf4 Nb4 13. Bxb4 axb4 14. b3 c5 15.
h3 Ra7 16. Qb2 Qg6 17. Rg1 Qxd3 18. fxe5 dxe5 19. Rd1 Qf5 20. Ng3 Qg5 21. Ne2
Qh4 22. Ng3 b6 23. Rd2 Re7 24. Qc2 Kh8 25. Rd6 Ref7 26. Rf1 Ne8 27. Rd2 Bb7 28.
Bxb7 Rxb7 29. Qe4 Qxe4 30. Nxe4 Nf6 1/2-1/2

[Event "4NCL 3 South pool D"]
[Site "Daventry, ENG"]
[Date "2019.05.05"]
[Round "10.84"]
[White "Stayt, James N"]
[Black "Calvert, D Ian"]
[Result "1/2-1/2"]
[WhiteElo "1919"]
[BlackElo "1921"]
[PlyCount "88"]
[EventDate "2019.05.05"]
[WhiteTeam "CSC 2"]
[BlackTeam "Iceni 2"]

1. e4 d5 2. exd5 Qxd5 3. Nc3 Qd6 4. d4 Nf6 5. Nf3 a6 6. Be2 Bf5 7. h3 Nc6 8.
Be3 e5 9. dxe5 Nxe5 10. Qxd6 Bxd6 11. O-O-O O-O-O 12. Rhe1 h6 13. Bd4 Rhe8 14.
Nxe5 Bxe5 15. Bxe5 Rxe5 16. Bf3 $11 Rxd1+ 17. Rxd1 c6 18. b3 Kc7 19. Kb2 b5 20.
a3 a5 21. Rd2 Nd7 22. h4 g5 23. hxg5 hxg5 24. g3 f6 25. Nd1 Nc5 26. Ne3 Be4 27.
Bh5 f5 28. Bd1 g4 29. Be2 Re7 30. Bf1 Rd7 31. Kc1 Rxd2 32. Kxd2 Kd6 33. b4 axb4
34. axb4 Ne6 35. c4 Nd4 36. cxb5 cxb5 37. Kc3 Ke5 38. Kd2 Bc6 39. Bd3 Bd7 40.
Nd1 f4 41. Nc3 Bc6 42. Ne2 Nxe2 43. Bxe2 fxg3 44. fxg3 Kd4 1/2-1/2

[Event "4NCL 3 South pool D"]
[Site "Daventry, ENG"]
[Date "2019.05.05"]
[Round "10.85"]
[White "Kenning, Paul H"]
[Black "Frostick, Helen M"]
[Result "1-0"]
[WhiteElo "1846"]
[BlackElo "1951"]
[PlyCount "107"]
[EventDate "2019.05.05"]
[WhiteTeam "Iceni 2"]
[BlackTeam "CSC 2"]

1. e4 e6 2. d4 d5 3. Bd3 dxe4 4. Bxe4 Nf6 5. Bf3 Nbd7 6. Ne2 Bd6 7. O-O O-O 8.
Bg5 e5 9. Nbc3 Be7 10. Ng3 Ne8 11. Bxe7 Qxe7 12. Re1 Qb4 13. Rb1 Qxd4 14. Qxd4
exd4 15. Nb5 Nb6 16. Rxe8 Rxe8 17. Nxc7 Rd8 18. Nxa8 Nxa8 19. Rd1 Nc7 20. c3
Ne6 21. Bg4 d3 22. Bf5 Nf4 23. Bxc8 Rxc8 24. Nf5 Re8 25. g3 Ng6 26. Rxd3 Re1+
27. Kg2 Re2 28. Kf1 Re5 29. Rd8+ Nf8 30. Nd4 g6 31. f4 Re7 32. f5 gxf5 33. Nxf5
Re5 34. g4 h5 35. h3 hxg4 36. hxg4 f6 37. Rb8 b5 38. Kf2 a5 39. Nd4 b4 40. cxb4
axb4 41. Rxb4 Ng6 42. Nf5 Re6 43. Rb8+ Kf7 44. Rb7+ Kf8 45. a4 Ne5 46. Kg3 Ra6
47. b3 Nd3 48. Kh4 Nf2 49. Kg3 Nd3 50. Rb5 Kf7 51. a5 Ra8 52. b4 Ne5 53. Rb6
Rg8 54. Nh6+ 1-0

[Event "4NCL 3 South pool D"]
[Site "Daventry, ENG"]
[Date "2019.05.05"]
[Round "10.86"]
[White "Mashayekh, Majid"]
[Black "Pack, James"]
[Result "1-0"]
[WhiteElo "1902"]
[BlackElo "1862"]
[PlyCount "99"]
[EventDate "2019.05.05"]
[WhiteTeam "CSC 2"]
[BlackTeam "Iceni 2"]

1. d4 d6 2. e4 Nf6 3. Nc3 e5 4. Nf3 Nbd7 5. Bc4 Be7 6. O-O c6 7. a4 O-O 8. h3
Qc7 9. dxe5 dxe5 10. Qe2 Nc5 11. Nh4 g6 12. Bh6 Re8 13. Qe3 Nh5 14. Nf3 Ne6 15.
Bxe6 Bxe6 16. Rfd1 f6 17. Ne2 b6 18. g4 Bc5 19. Qc3 Ng7 20. Be3 Bd6 21. Ng3 f5
22. exf5 gxf5 23. gxf5 Nxf5 24. Qd3 Qg7 25. Kh2 e4 26. Qxd6 Nxd6 27. Nh5 Qc7
28. Bf4 Qf7 29. Rg1+ Kf8 30. Bh6+ Ke7 31. Bg5+ Kd7 32. Ne5+ Kc7 33. Nxf7 Bxf7
34. Ng7 Re5 35. Bf4 Rd5 36. Rad1 Rd8 37. Rxd5 cxd5 38. Nf5 Bg6 39. Nxd6 Rxd6
40. Rd1 Kc6 41. Bxd6 Kxd6 42. c4 Bf7 43. Kg3 Kc5 44. cxd5 Bxd5 45. Kf4 Bc6 46.
Rc1+ Kd5 47. b3 b5 48. axb5 Bxb5 49. Rc7 Bd3 50. Ke3 1-0

[Event "4NCL 3 South pool D"]
[Site "Daventry, ENG"]
[Date "2019.05.06"]
[Round "11.51"]
[White "Hall, John"]
[Black "Davison, Chris"]
[Result "1/2-1/2"]
[WhiteElo "2207"]
[BlackElo "2048"]
[PlyCount "75"]
[EventDate "2019.05.06"]
[WhiteTeam "Leeds University Old Boys"]
[BlackTeam "Poisoned Pawns 1"]

1. e4 e5 2. Nf3 Nc6 3. Bb5 a6 4. Ba4 Nf6 5. O-O b5 6. Bb3 Bc5 7. c3 d6 8. d4
exd4 9. cxd4 Bb6 10. h3 h6 11. Nc3 O-O 12. e5 dxe5 13. dxe5 Qxd1 14. Rxd1 Nh7
15. Nd5 Be6 16. Bf4 Rad8 17. Rac1 Bxd5 18. Bxd5 Nb4 19. Be4 Nxa2 20. Rxd8 Rxd8
21. Ra1 Nb4 22. Bd2 Ng5 23. Bxg5 hxg5 24. Kf1 Kf8 25. Ke2 f6 26. g3 Kf7 27. Kf1
a5 28. Re1 c5 29. exf6 gxf6 30. Bf5 Rd6 31. h4 gxh4 32. Nxh4 Rd8 33. Bg6+ Kf8
34. Re6 Nd5 35. Be4 Bc7 36. Rc6 Be5 37. Rxc5 Ne7 38. Rxb5 1/2-1/2

[Event "4NCL 3 South pool D"]
[Site "Daventry, ENG"]
[Date "2019.05.06"]
[Round "11.52"]
[White "Byway, Paul V"]
[Black "Pickard, Charles"]
[Result "1-0"]
[WhiteElo "2038"]
[BlackElo "2155"]
[PlyCount "58"]
[EventDate "2019.05.06"]
[WhiteTeam "Poisoned Pawns 1"]
[BlackTeam "Leeds University Old Boys"]

1. Nf3 c5 2. e3 Nf6 3. c4 e6 4. Nc3 Nc6 5. d4 d5 6. cxd5 exd5 7. Be2 a6 8. O-O
Bd6 9. dxc5 Bxc5 10. b3 O-O 11. Bb2 Ba7 12. Rc1 Re8 13. Na4 Ne4 14. Nd4 Ne5 15.
Nc3 Bb8 16. Nf3 Qd6 17. Nxe5 Qxe5 18. f4 Nxc3 19. Rxc3 Qe6 20. Bf3 Ba7 21. Bxd5
Qf5 22. Kh1 Rxe3 23. Be4 Qd7 24. Rxe3 Bxe3 25. Qc2 f5 26. Rd1 Qe7 27. Bd5+ Be6
28. Qxf5 Bxd5 29. Qxd5+ Kh8 1-0

[Event "4NCL 3 South pool D"]
[Site "Daventry, ENG"]
[Date "2019.05.06"]
[Round "11.53"]
[White "Mossong, Hubert"]
[Black "Rosen, Daniel B"]
[Result "1/2-1/2"]
[WhiteElo "2066"]
[BlackElo "2057"]
[PlyCount "103"]
[EventDate "2019.05.06"]
[WhiteTeam "Leeds University Old Boys"]
[BlackTeam "Poisoned Pawns 1"]

1. e4 d6 2. d4 g6 3. Bd3 Bg7 4. Ne2 c5 5. c3 Nf6 6. O-O O-O 7. f3 Nc6 8. Be3
cxd4 9. cxd4 Nb4 10. Nbc3 Nxd3 11. Qxd3 Bd7 12. Rac1 Rc8 13. Qd2 Re8 14. g4 Qa5
15. Ng3 Bb5 16. Rf2 Nd7 17. b3 e5 18. d5 Ba6 19. Qb2 Qd8 20. Rfc2 b6 21. Nd1
Rxc2 22. Qxc2 Qb8 23. Qc7 Nc5 24. Qxb8 Rxb8 25. Nb2 Rc8 26. b4 Nd7 27. Rxc8+
Bxc8 28. Nc4 Bf8 29. a4 Be7 30. Kf2 Kf8 31. Ne2 f5 32. gxf5 gxf5 33. Nc3 Nf6
34. Ke2 fxe4 35. fxe4 Bg4+ 36. Kd3 Bh3 37. Nd2 Ke8 38. Nb5 Bd7 39. Nxa7 Bxa4
40. Bxb6 Kd7 41. Nc4 Ng4 42. Nb2 Bb3 43. h3 Nf6 44. Nb5 Nxd5 45. exd5 Bxd5 46.
Bf2 Bg2 47. Nc3 Bxh3 48. Kc4 Bf1+ 49. Kd5 Bg2+ 50. Ne4 h5 51. Nc4 h4 52. Bxh4
1/2-1/2

[Event "4NCL 3 South pool D"]
[Site "Daventry, ENG"]
[Date "2019.05.06"]
[Round "11.54"]
[White "Kemp, Paul R"]
[Black "Wojciechowski, Paul"]
[Result "1/2-1/2"]
[WhiteElo "2041"]
[BlackElo "1912"]
[PlyCount "35"]
[EventDate "2019.05.06"]
[WhiteTeam "Poisoned Pawns 1"]
[BlackTeam "Leeds University Old Boys"]

1. e4 c5 2. c3 e6 3. d4 d5 4. exd5 Qxd5 5. Nf3 Nc6 6. Be2 Nf6 7. O-O Be7 8. c4
Qd8 9. dxc5 Qxd1 10. Rxd1 Bxc5 11. Nc3 O-O 12. a3 e5 13. b4 Bd4 14. Nxd4 Nxd4
15. Bg5 Nxe2+ 16. Nxe2 Be6 17. Rac1 Rfd8 18. c5 1/2-1/2

[Event "4NCL 3 South pool D"]
[Site "Daventry, ENG"]
[Date "2019.05.06"]
[Round "11.55"]
[White "Birkin, Mark H"]
[Black "McCorry, Robert T"]
[Result "1-0"]
[WhiteElo "1969"]
[BlackElo "2007"]
[PlyCount "61"]
[EventDate "2019.05.06"]
[WhiteTeam "Leeds University Old Boys"]
[BlackTeam "Poisoned Pawns 1"]

1. e4 c5 2. Nf3 e6 3. d3 Nc6 4. g3 d5 5. Nbd2 Nf6 6. Bg2 Be7 7. O-O b6 8. Re1
Bb7 9. e5 Nd7 10. Nf1 Qc7 11. Bf4 h6 12. h4 O-O-O 13. Ne3 g5 14. hxg5 hxg5 15.
Nxg5 Bxg5 16. Bxg5 Rdg8 17. Bf4 Ncxe5 18. c3 d4 19. cxd4 cxd4 20. Rc1 Nc5 21.
Nd5 Qd8 22. Rxe5 Kd7 23. Rxc5 bxc5 24. Nf6+ Qxf6 25. Qa4+ Ke7 26. Qxa7 Qg6 27.
Qxb7+ Kf6 28. Qf3 c4 29. Bd2+ Ke7 30. Bb4+ Kd8 31. Qa8+ 1-0

[Event "4NCL 3 South pool D"]
[Site "Daventry, ENG"]
[Date "2019.05.06"]
[Round "11.56"]
[White "McMahon, Paul"]
[Black "Taylor, Mark V"]
[Result "1/2-1/2"]
[WhiteElo "1892"]
[BlackElo "1911"]
[PlyCount "104"]
[EventDate "2019.05.06"]
[WhiteTeam "Poisoned Pawns 1"]
[BlackTeam "Leeds University Old Boys"]

1. e4 c5 2. Nf3 e6 3. c4 d6 4. Nc3 Nf6 5. d3 Nc6 6. g3 Be7 7. Bg2 O-O 8. O-O a6
9. Nh4 Bd7 10. f4 Rb8 11. Nf3 b5 12. a3 Qc7 13. Kh1 bxc4 14. dxc4 Rfd8 15. Qe2
Nd4 16. Nxd4 cxd4 17. Nd1 Rdc8 18. e5 Ne8 19. b4 Qxc4 20. Qxc4 Rxc4 21. Nb2 Rc2
22. Be4 Re2 23. Bf3 Rc2 24. Be4 Bc6 25. Bxc6 Rxc6 26. Rd1 Rbc8 27. Nd3 dxe5 28.
Nxe5 Rc2 29. Nd3 Re2 30. Re1 Rxe1+ 31. Nxe1 Bf6 32. Bb2 Nd6 33. Kg1 Nc4 34. Rc1
Kf8 35. Rc2 Ke7 36. Kf2 Kd6 37. Ke2 Kd5 38. Nd3 Re8 39. Bc1 Be7 40. Kf3 f6 41.
Nf2 e5 42. g4 Bd6 43. Ne4 exf4 44. Nxd6 Ne5+ 45. Kxf4 Kxd6 46. Ke4 d3 47. Rc3
Ke6 48. h3 Rd8 49. Bd2 g6 50. Rc5 f5+ 51. gxf5+ gxf5+ 52. Ke3 Rg8 1/2-1/2

[Event "4NCL 3 South pool D"]
[Site "Daventry, ENG"]
[Date "2019.05.06"]
[Round "11.61"]
[White "Kenworthy, Gary"]
[Black "Byron, Alan M"]
[Result "1-0"]
[WhiteElo "2249"]
[BlackElo "2208"]
[PlyCount "85"]
[EventDate "2019.05.06"]
[WhiteTeam "MK Phoenix 1"]
[BlackTeam "The Rookies"]

1. g3 Nf6 2. Bg2 d6 3. d4 g6 4. e4 Bg7 5. Ne2 O-O 6. O-O e5 7. d5 c6 8. c4 cxd5
9. cxd5 Ne8 10. Nbc3 f5 11. Be3 Nf6 12. f3 Na6 13. Qd2 Nc7 14. h3 h5 15. a4 Bd7
16. b4 Nh7 17. Rac1 Ne8 18. exf5 gxf5 19. f4 h4 20. fxe5 dxe5 21. Bc5 Rf6 22.
d6 hxg3 23. Nxg3 Rc8 24. Nd5 b6 25. Nxf6+ Nhxf6 26. Bf2 f4 27. Ne2 Rxc1 28.
Rxc1 Bxa4 29. Qa2+ Kf8 30. Qxa4 Qxd6 31. Rd1 Qe7 32. b5 Nh5 33. Be1 Qc5+ 34.
Kf1 Kg8 35. Qb3+ Kh8 36. Qf7 Nhf6 37. Bc6 Nd6 38. Qe7 f3 39. Bxf3 Qe3 40. Bg2
Nxb5 41. Qd8+ Ng8 42. Rd3 Qc5 43. Bd5 1-0

[Event "4NCL 3 South pool D"]
[Site "Daventry, ENG"]
[Date "2019.05.06"]
[Round "11.62"]
[White "Burrows, Martin P"]
[Black "Brown, Alan M"]
[Result "1/2-1/2"]
[WhiteElo "2146"]
[BlackElo "2040"]
[PlyCount "70"]
[EventDate "2019.05.06"]
[WhiteTeam "The Rookies"]
[BlackTeam "MK Phoenix 1"]

1. e4 e5 2. Nf3 Nc6 3. Bb5 a6 4. Ba4 Nf6 5. O-O Be7 6. Re1 b5 7. Bb3 d6 8. c3
Na5 9. Bc2 c5 10. d4 cxd4 11. cxd4 Nc6 12. d5 Nb8 13. Nbd2 O-O 14. Nf1 Nbd7 15.
Ng3 Nb6 16. Bd3 Bd7 17. Bd2 Na4 18. Rb1 Rc8 19. Bc2 Qb6 20. h3 Rc7 21. Be3 Qb7
22. Bxa4 bxa4 23. Nxe5 dxe5 24. d6 Bxd6 25. Qxd6 Re8 26. Bg5 Re6 27. Qd3 Bb5
28. Qe3 Nd7 29. Nf5 f6 30. Bh4 Nf8 31. b3 Qc8 32. Rbc1 Ng6 33. Rxc7 Qxc7 34.
bxa4 Bxa4 35. Bg3 Rc6 1/2-1/2